| 000 | 00426nam a22001097a 4500 | ||
|---|---|---|---|
| 008 | 230612b xxu||||| |||| 00| 0 eng d | ||
| 082 |
_a342. _bKEN |
||
| 245 |
_a2013/2014 Supplementary Estimates I Recurrent Expenditure _bEstimate of Further Sums Required to be Voted for the Service of the Year Ending 30th June 2014 _cGovernment of Kenya |
||
| 260 |
_aNairobi _bGovernment of Kenya _cJune 2014 |
||
| 300 | _a445 p | ||
| 942 |
_2ddc _cBK |
||
| 999 |
_c1126 _d1126 |
||